Statistiken für Florenreiche der Erde

Klicken Sie hier um das Quiz zu spielen!

Allgemein

  • Dieses Quiz wurde 17 mal gespielt
  • Das Durchschnittsergebnis liegt bei 4 aus 7

Antwortstatistiken

Florenreiche% Korrekt
ozeanisches Florenreich
78%
Australis
56%
Antarktis
56%
Capensis
56%
Holarktis
44%
Neotropis
44%
Paläotropis
33%

Verteilung der Resultate

Perzentil nach korrekt beantworteten Fragen

Anzahl Personen mit jedem Resultat

Ihre Resultats-Entwicklung

Sie haben dieses Quiz noch nicht gespielt